Semantic Field of Biological Constituent of Deviation in English; Procedia - Social and Behavioral Sciences; Vol. 206 : Linguistic and Cultural Studies: Traditions and Innovations, LKTI
| Parent link: | Procedia - Social and Behavioral Sciences Vol. 206 : Linguistic and Cultural Studies: Traditions and Innovations, LKTI.— 2015.— [P. 51-55] |
|---|---|
| 1. autor: | |
| Korporacja: | |
| Streszczenie: | Title screen The deviation category is primarily formed by words with the root devia- in English. The semantics of these words may be seen more detailed by considering their contextual interconnections with lexical units that are the representatives of the concepts within deviation. These concepts define levels of semantic category under analysis. The author considers the term “subcategory” for more abstract components of deviation category; they are higher in the hierarchy “category – concept”. The focus of this paper is to show the linguistic peculiarities of semantic field of biological constituent of deviation category in English. Режим доступа: по договору с организацией-держателем ресурса |
| Język: | angielski |
| Wydane: |
2015
|
| Hasła przedmiotowe: | |
| Dostęp online: | http://dx.doi.org/10.1016/j.sbspro.2015.10.026 http://earchive.tpu.ru/handle/11683/15301 |
| Format: | Elektroniczne Rozdział |
| KOHA link: | https://koha.lib.tpu.ru/cgi-bin/koha/opac-detail.pl?biblionumber=644736 |
MARC
| LEADER | 00000nla2a2200000 4500 | ||
|---|---|---|---|
| 001 | 644736 | ||
| 005 | 20250522172021.0 | ||
| 035 | |a (RuTPU)RU\TPU\network\9820 | ||
| 035 | |a RU\TPU\network\9811 | ||
| 090 | |a 644736 | ||
| 100 | |a 20151130a2015 k y0engy50 ba | ||
| 101 | 0 | |a eng | |
| 105 | |a y z 100zy | ||
| 135 | |a drcn ---uucaa | ||
| 181 | 0 | |a i | |
| 182 | 0 | |a b | |
| 200 | 1 | |a Semantic Field of Biological Constituent of Deviation in English |f A. S. Ptashkin | |
| 203 | |a Text |c electronic | ||
| 300 | |a Title screen | ||
| 320 | |a [References: р. 55 (12 tit.)] | ||
| 330 | |a The deviation category is primarily formed by words with the root devia- in English. The semantics of these words may be seen more detailed by considering their contextual interconnections with lexical units that are the representatives of the concepts within deviation. These concepts define levels of semantic category under analysis. The author considers the term “subcategory” for more abstract components of deviation category; they are higher in the hierarchy “category – concept”. The focus of this paper is to show the linguistic peculiarities of semantic field of biological constituent of deviation category in English. | ||
| 333 | |a Режим доступа: по договору с организацией-держателем ресурса | ||
| 461 | 0 | |0 (RuTPU)RU\TPU\network\2898 |t Procedia - Social and Behavioral Sciences | |
| 463 | 0 | |0 (RuTPU)RU\TPU\network\9691 |t Vol. 206 : Linguistic and Cultural Studies: Traditions and Innovations, LKTI |o XVth International Conference, 9-11 November, 2015, Tomsk, Russia |o [proceedings] |v [P. 51-55] |d 2015 | |
| 610 | 1 | |a электронный ресурс | |
| 610 | 1 | |a труды учёных ТПУ | |
| 610 | 1 | |a семантические поля | |
| 610 | 1 | |a категории | |
| 610 | 1 | |a концепции | |
| 610 | 1 | |a лексемы | |
| 610 | 1 | |a словосочетания | |
| 610 | 1 | |a английский язык | |
| 610 | 1 | |a отклонения | |
| 700 | 1 | |a Ptashkin |b A. S. |c linguist |c associate Professor of Tomsk Polytechnic University, candidate of philological Sciences |f 1983- |g Aleksandr Sergeevich |3 (RuTPU)RU\TPU\pers\35194 |9 18459 | |
| 712 | 0 | 2 | |a Национальный исследовательский Томский политехнический университет |c (2009- ) |9 26305 |
| 801 | 2 | |a RU |b 63413507 |c 20161122 |g RCR | |
| 850 | |a 63413507 | ||
| 856 | 4 | |u http://dx.doi.org/10.1016/j.sbspro.2015.10.026 | |
| 856 | 4 | |u http://earchive.tpu.ru/handle/11683/15301 | |
| 942 | |c CF | ||